| 000 | 00774nam a2200253 i 4500 | ||
|---|---|---|---|
| 001 | 92582 | ||
| 003 | ES-MaACL | ||
| 005 | 20250727032212.0 | ||
| 007 | t| | ||
| 008 | 050404s1990 sp a ||||1| spa d | ||
| 020 | _a84-334-7027-2 | ||
| 080 | _a39(648) | ||
| 100 | 1 |
_aCaro Baroja, Julio, _d1914-1995 _935403 |
|
| 245 | 1 | 0 |
_aEstudios saharianos / _cJulio Caro Baroja. |
| 250 | _a1ª ed. en Júcar. | ||
| 260 |
_aMadrid : _bJúcar, _c1990. |
||
| 300 |
_a501 p. : _bil. ; _c20 cm. |
||
| 490 | 1 |
_aJúcar universidad ; _v27. _aAntropología |
|
| 595 | _aReprod. de la 1ª ed., 1955. | ||
| 651 | 4 |
_aSahara occidental- _xUsos y costumbres. _99350 |
|
| 830 | 1 | 0 |
_aJúcar universidad. _pAntropología _v27. _9226560 |
| 852 |
_aES-MaACL _jE-10918 |
||
| 999 |
_c92582 _d92582 |
||